শহীদ বুদ্ধিজীবী কোষগ্রন্থ /

Λεπτομέρειες βιβλιογραφικής εγγραφής
Μορφή: Βιβλίο
Γλώσσα:Bengali
Έκδοση: ঢাকা : বাংলা একাডেমী, ১৯৮৫ [প্রথম পুনমুদ্রণ ১৯৯৪].
Θέματα:
Classic Catalogue: View this record in Classic Catalogue
LEADER 01511nam a22002897a 4500
001 35431
003 BD-DhAAL
005 20250622115416.0
008 211101r19981985bg ||||| |||| 00| 0 ben d
020 |a 984072956X 
040 |a BD-DhAAL  |d BD-DhAAL 
041 |a ben 
082 |a 954.9205  |2 22 
245 |a শহীদ বুদ্ধিজীবী কোষগ্রন্থ /  |c সম্পাদনা রশীদ হায়দার. 
246 |a Shaheed buddhijibi koshgrantha 
260 |a ঢাকা :  |b বাংলা একাডেমী,  |c ১৯৮৫ [প্রথম পুনমুদ্রণ ১৯৯৪]. 
300 |a ১০৮ পৃষ্ঠা :  |b চিত্র ;  |c ২২ সে. মি. 
526 |a BIED 
541 |a Complimentary copy from BIED  |e 35431 
650 |a Revolutionaries  |z Bangladesh  |x Correspondence.  |9 42322 
650 |a Martyrs  |z Bangladesh  |x Correspondence.  |9 42323 
651 |a Bangladesh  |x History  |y Revolution, 1971.  |9 42324 
852 |a Ayesha Abed Library  |c BIED Collection 
942 |2 ddc  |c BK 
999 |c 43307  |d 43307 
952 |0 0  |1 0  |2 ddc  |4 0  |6 954_920500000000000_SHA  |7 0  |9 69472  |a BRACUL  |b BRACUL  |c GEN  |d 2021-11-01  |e Complimentary copy from BIED  |l 0  |o 954.9205 SHA  |p 3010035431  |r 2021-11-01  |w 2021-11-01  |y BK  |x Transferred from BIED to General Stacks 
952 |0 0  |1 0  |2 ddc  |4 0  |6 954_920500000000000_SHA  |7 0  |9 74569  |a BRACUL  |b BRACUL  |c GEN  |d 2023-10-11  |e Complimentary copy from BIED  |l 0  |o 954.9205 SHA  |p 3010041862  |r 2023-10-11  |w 2023-10-11  |y BK  |x Transferred from BIED to General Stacks